Shy - Renee Rapp (All Lyrics) - Statistics

General Stats
  • This quiz has been taken 59 times
    37 since last reset
  • The average score is 274 of 311
Answer Stats
Lyrics % Correct
a
100%
I
100%
my
100%
O"
100%
shy
100%
shy,
100%
(Shy)
100%
So
100%
you
100%
your
100%
and
96%
I'm
96%
it
96%
off
96%
When
96%
when
96%
be
91%
do
91%
Don't
91%
hair
91%
in
91%
like,
91%
me
91%
not
91%
Oh,
91%
pullin'
91%
really
91%
scared
91%
thinkin'
91%
to
91%
yeah,
91%
yeah
91%
(Yeah,
91%
yeah)
91%
you're
91%
at
87%
Baby,
87%
baby,
87%
bad
87%
bad,
87%
bit
87%
'bout
87%
But
87%
but
87%
care
87%
clothes
87%
cross
87%
drinkin'
87%
handle
87%
heart
87%
how
87%
just
87%
life
87%
little
87%
mark
87%
need
87%
on
87%
ruin
87%
swear
87%
take
87%
That
87%
the
87%
up
87%
violent
87%
want
87%
with
87%
"X
87%
alive
83%
all
83%
bar
83%
die
83%
easier
83%
exes
83%
fight
83%
freakin'
83%
good
83%
hope
83%
inside
83%
keepin'
83%
out,
83%
piss
83%
sober
83%
somewhere
83%
time
83%
too
83%
wanna
83%
what
83%
won't
83%
between
78%
differently
78%
hands
78%
hard
78%
I'll
78%
It's
78%
make
78%
mine
78%
Much
78%
nervous
78%
now
78%
thighs
78%
things
78%
try
78%
work
78%
you'll
78%
yours
78%
(Ah
74%
ah
74%
ah)
74%
around,
74%
Come
74%
ground
74%
kiss
74%
useful
74%
walkin'
74%
whenever
74%
babe
70%
'Cause
70%
Okay,
70%
cute,
65%
Mm,
52%
(Ooh
35%
ooh)
35%
No matching quizzes found
Score Distribution
Percent of People with Each Score
Percentile by Number Answered
Your Score History
You have not taken this quiz since the last reset